书目信息 |
| 题名: |
城市绿地系统规划理论与方法
|
|
| 作者: | 姜允芳 著 | |
| 分册: | ||
| 出版信息: | 北京 中国建筑工业出版社 2006 |
|
| 页数: | 161页 | |
| 开本: | 26cm | |
| 丛书名: | 现代城市规划丛书 | |
| 单 册: | ||
| 中图分类: | TU985.1 | |
| 科图分类: | ||
| 主题词: | 城市规划--绿化规划 , 城市规划 , 绿化规划 | |
| 电子资源: | ||
| ISBN: | 7-112-08401-6 | |
| 000 | 00977oam2 2200277 450 | |
| 001 | 003232897 | |
| 005 | 20091207101028.01 | |
| 010 | @a7-112-08401-6@dCNY25.00 | |
| 100 | @a20060529d2006 em y0chiy0110 ea | |
| 101 | 0 | @achi@deng |
| 102 | @aCN@b110000 | |
| 105 | @aa z 000yy | |
| 106 | @ar | |
| 200 | 1 | @a城市绿地系统规划理论与方法@9cheng shi lv di xi tong gui hua li lun yu fang fa@f姜允芳著 |
| 210 | @a北京@c中国建筑工业出版社@d2006 | |
| 215 | @a161页@c图@d26cm | |
| 225 | 2 | @a现代城市规划丛书 |
| 330 | @a本书通过城市绿地系统规划理论与方法的系统探讨,目的在于解决规划与建设中经常困扰人们的具有关联性和矛盾性的景观——生态——经济三要素协同发展的问题,并提出城市绿地系统规划评价的方法和生态对策。 | |
| 461 | 0 | @12001 @a现代城市规划丛书 |
| 606 | 0 | @a城市规划@x绿化规划 |
| 606 | 0 | @a城市规划 |
| 606 | 0 | @a绿化规划 |
| 690 | @aTU985.1@v4 | |
| 701 | 0 | @a姜允芳@9jiang yun fang@f(1972~)@4著 |
| 801 | 0 | @aCN@bNLC@c20091207 |
| 905 | @b20796902-06@dTU985.1@e464@f5 | |
| 城市绿地系统规划理论与方法/姜允芳著.-北京:中国建筑工业出版社,2006 |
| 161页:图;26cm.-(现代城市规划丛书) |
| ISBN 7-112-08401-6:CNY25.00 |
| 本书通过城市绿地系统规划理论与方法的系统探讨,目的在于解决规划与建设中经常困扰人们的具有关联性和矛盾性的景观——生态——经济三要素协同发展的问题,并提出城市绿地系统规划评价的方法和生态对策。 |
| ● |
| 相关链接 |
|
|
|
|
正题名:城市绿地系统规划理论与方法
索取号:TU985.1/464
 
预约/预借
| 序号 | 登录号 | 条形码 | 馆藏地/架位号 | 状态 | 备注 |
| 1 | 796902 | 207969028 | 第二样本阅览室/ [索取号:TU985.1/464] | 在馆 | |
| 2 | 796903 | 207969037 | 第三借阅区/ [索取号:TU985.1/464] | 在馆 | |
| 3 | 796904 | 207969046 | 第三借阅区/ [索取号:TU985.1/464] | 在馆 | |
| 4 | 796905 | 207969055 | 第三借阅区/ [索取号:TU985.1/464] | 在馆 | |
| 5 | 796906 | 207969064 | 资源管理系资料室/ [索取号:TU985.1/464] | 在馆 |